000 00366 a2200169 4500
001 182612
020 _a978-85-01-06351-9
040 _cMagnum
100 _aFitzgerad, F. Scott
240 1 0 _aO grande Gatsby
_lpor
245 1 0 _aO grande Gatsby
300 _a272
362 0 _a2013
440 1 _aRecord
697 _aLITERATURA GERAL ESTRANGEIRA
942 _cBK
999 _c182612
_d182612